| 000 | 00798nas a2200253 4500 | ||
|---|---|---|---|
| 001 | BR5600225 | ||
| 003 | BR-BrBNA | ||
| 005 | 20231205082000.0 | ||
| 007 | ta | ||
| 008 | 230509b bl.|||p| |||| 00| 00por d | ||
| 040 |
_aBR-BrBNA _bpor _cBiblioteca Nacional de Agricultura |
||
| 041 | _a(Pt) | ||
| 072 | _aE70 | ||
| 110 | 1 | _aSecretaria da Agricultura, Industria e Comercio, Porto Alegre, RS (Brasil). Diretoria da Industria e Comercio | |
| 245 | 1 | _aO indice do custo de alimentacao em Porto Alegre [Brasil] | |
| 650 | _aCOMERCIALIZACAO | ||
| 650 | _aCONSUMO | ||
| 650 | _aALIMENTO | ||
| 650 | _aRIO GRANDE DO SUL | ||
| 650 | _aPORTO ALEGRE | ||
| 773 | 0 |
_tIntercambio (Brazil) _x _g(Apr 1956), v. 4(4) p. 9-13 _wBR5600225 |
|
| 909 |
_a202311 _bLúcia _c55 _dLúcia Elande |
||
| 942 |
_2AGRIS _n0 _cANA |
||
| 999 |
_c88324 _d88324 |
||